| 000 | 00837cam a2200265 4500 | ||
|---|---|---|---|
| 001 | 256 | ||
| 005 | 20181127161022.0 | ||
| 008 | 081016s2007 enk b 000 p eng d | ||
| 010 | _a 2008277596 | ||
| 020 | _a0099503824 (twin ed.) | ||
| 020 | _a0099511975 (pbk.) | ||
| 020 | _a9780099503828 (twin ed.) | ||
| 020 | _a9780099511977 (pbk.) | ||
| 041 | 1 |
_aeng _hita |
|
| 100 | 0 |
_aDante Alighieri, _d1265-1321. |
|
| 240 | 1 | 0 |
_aInferno. _lEnglish |
| 245 | 1 | 0 |
_aInferno / _cDante Alighieri ; translated, annotated and introduced by Steve Ellis. |
| 260 |
_aLondon : _bVintage Books, _c2007. |
||
| 300 |
_axxvi, 208 p. ; _c20 cm. |
||
| 504 | _aIncludes bibliographical references. | ||
| 546 | _aTranslated from the Italian. | ||
| 600 | 0 | 0 |
_aDante Alighieri, _d1265-1321. _tInferno. |
| 650 | 0 |
_aHell _xPoetry. |
|
| 700 | 1 |
_aEllis, Steve, _d1952- |
|
| 999 |
_c229 _d229 |
||